[Event "Sydney op"]
[Site "Parramatta"]
[Date "2007.04.14"]
[Round "8"]
[White "Pyke, Malcolm"]
[Black "Zirdum, Ivan"]
[Result "1-0"]
[WhiteElo "2235"]
[BlackElo "2061"]
[PlyCount "83"]
[EventDate "2007.04.10"]
[EventType "swiss"]
[EventRounds "9"]
[EventCountry "AUS"]
[SourceTitle "EXT 2023"]
[Source "ChessBase"]
[SourceDate "2022.10.05"]
[SourceVersion "1"]
[SourceVersionDate "2022.10.05"]
[SourceQuality "1"]

1. Nf3 Nf6 2. c4 c5 3. Nc3 Nc6 4. g3 g6 5. Bg2 Bg7 6. 0-0 0-0 7. d4 d6 8. dxc5 dxc5 9. Bf4 Be6 10. b3 a6 11. Ne5 Na5 12. Rc1 Nh5 13. Nd3 Qc8 14. Na4 Nxf4 15. Nxf4 Rb8 16. Qd2 Qc7 17. Nxe6 fxe6 18. Qe3 b6 19. Qxe6+ Kh8 20. Nc3 Rf6 21. Qh3 e6 22. Ne4 Rf5 23. e3 Qe7 24. g4 Rff8 25. f4 Rbd8 26. Rcd1 Nb7 27. Ng5 Bf6 28. Qxh7+ Qxh7 29. Nxh7 Kxh7 30. Bxb7 g5 31. f5 exf5 32. Rxd8 Rxd8 33. Rxf5 Kg7 34. Bd5 Re8 35. Kf2 Rh8 36. Kg2 Re8 37. e4 Re5 38. Kf3 a5 39. h3 Kg6 40. h4 Kg7 41. hxg5 Rxf5+ 42. gxf5 1-0

[Event "Sydney op"]
[Site "Parramatta"]
[Date "2007.04.12"]
[Round "4"]
[White "Repplinger, Marc"]
[Black "Zirdum, Ivan"]
[Result "1-0"]
[WhiteElo "2239"]
[BlackElo "2061"]
[PlyCount "62"]
[EventDate "2007.04.10"]
[EventType "swiss"]
[EventRounds "9"]
[EventCountry "AUS"]
[SourceTitle "CBM 117 Extra"]
[Source "ChessBase"]
[SourceDate "2007.05.09"]
[SourceVersion "1"]
[SourceVersionDate "2007.05.09"]
[SourceQuality "1"]

1. d4 Nf6 2. Nf3 g6 3. c4 Bg7 4. Nc3 0-0 5. e4 d6 6. Be2 e5 7. 0-0 c6 8. dxe5 dxe5 9. b4 Qc7 10. Qc2 Re8 11. Rd1 Nbd7 12. b5 Nf8 13. Ba3 Bg4 14. Bd6 Qa5 15. Rab1 N8d7 16. c5 Rac8 17. Bc4 Nf8 18. bxc6 bxc6 19. Rb7 Ne6 20. Ne2 Bxf3 21. gxf3 Nh5 22. Qb3 Qd8 23. Be7 Qa5 24. Bxe6 fxe6 25. Qxe6+ Kh8 26. Qf7 Qa6 27. Rb2 Rg8 28. Rd7 Qa5 29. Rbd2 Rb8 30. Rd1 Qa3 31. Ng3 Nf4 1-0

[Event "Sydney op"]
[Site "Parramatta"]
[Date "2007.04.11"]
[Round "2.22"]
[White "Smirnov, Vladimir"]
[Black "Zirdum, Ivan"]
[Result "1-0"]
[WhiteElo "2319"]
[BlackElo "2061"]
[PlyCount "45"]
[EventDate "2007.04.10"]
[EventType "swiss"]
[EventRounds "9"]
[EventCountry "AUS"]
[SourceTitle "EXT 2024"]
[Source "ChessBase"]
[SourceDate "2023.10.10"]
[SourceVersion "1"]
[SourceVersionDate "2023.10.10"]
[SourceQuality "1"]

1. d4 Nf6 2. Bg5 e6 3. e4 h6 4. Bxf6 Qxf6 5. c3 d6 6. Bd3 g5 7. Ne2 Nc6 8. Na3 Bd7 9. Ng3 a6 10. Qe2 Qe7 11. Nc4 e5 12. d5 Nd8 13. a4 Bg7 14. a5 0-0 15. Ne3 f6 16. Ngf5 Qe8 17. h4 Nf7 18. Qh5 Kh7 19. hxg5 fxg5 20. f3 Rh8 21. Ng4 Nd8 22. Qxg5 Qg6 23. Rxh6+ 1-0